Statistics for Scottish Premiership Badge Colours

Click here to take the quiz!

General Stats

  • This quiz has been taken 230 times
    (159 since last reset)
  • The average score is 22 of 41

Answers on the Map

Answers color-coded by a green-red scale on the quiz's map according to % correct below.
 

Answer Stats

ClubAnswer% Correct
AberdeenRed
97%
CelticGreen
94%
CelticWhite
92%
AberdeenWhite
90%
CelticBlack
86%
Heart of MidlothianMaroon
81%
Dundee UnitedTangerine
81%
Dundee UnitedBlack
78%
Dundee UnitedWhite
77%
HibernianGreen
67%
HibernianWhite
67%
Heart of MidlothianGold
62%
KilmarnockBlack
58%
KilmarnockWhite
57%
Heart of MidlothianWhite
56%
KilmarnockBlue
55%
Heart of MidlothianGrey
54%
Heart of MidlothianBlue
53%
KilmarnockBrown
52%
RangersRoyal Blue
51%
RangersWhite
51%
RangersRed
49%
Ross CountyDark Blue
46%
Ross CountyWhite
45%
LivingstonAmber
44%
Ross CountyRed
44%
St JohnstoneBlue
43%
MotherwellAmber
42%
LivingstonBlack
42%
KilmarnockFlesh
41%
St MirrenBlack
39%
MotherwellClaret
38%
MotherwellWhite
38%
St MirrenWhite
38%
St MirrenYellow
38%
St JohnstoneGold
35%
St JohnstoneWhite
35%
St JohnstoneBlack
33%
St JohnstoneRed
32%
St MirrenRed
29%
St MirrenPurple
22%

Score Distribution

Percentile by Number Answered

Percent of People with Each Score

Your Score History

You have not taken this quiz since the last reset